| 000 | 00618nam a2200241Ia 4500 | ||
|---|---|---|---|
| 001 | 17649 | ||
| 005 | 20240113235810.0 | ||
| 007 | ta | ||
| 008 | 121220s1979 ii g b000 u asm u | ||
| 040 | _aCotton College,Assam | ||
| 041 | _aasm | ||
| 082 |
_a891.411 _bB 644 P |
||
| 100 | _aBora, Lakshminandan . | ||
| 245 | 0 |
_aPatan / _cLakshminandan Bora. _hTextual Documents |
|
| 250 | _a1st ed. / | ||
| 260 |
_aCalcutta : _bBhabani Pub. Concern , _c1979. |
||
| 300 |
_a56p. ; _c22cm. |
||
| 653 | _aAssamese Novel | ||
| 653 | _aG-Assamese | ||
| 942 |
_2ddc _cBK |
||
| 999 |
_c17631 _d17631 |
||